|
|
|
|
| LEADER |
01685nam a2200397 i 4500 |
| 001 |
EBC6683012 |
| 003 |
MiAaPQ |
| 005 |
20220926150025.0 |
| 006 |
m o d | |
| 007 |
cr cnu|||||||| |
| 008 |
220926s2021 inua o 000 0 eng d |
| 020 |
|
|
|z 9781646480159
|q (print)
|
| 020 |
|
|
|a 9781646480173
|q (electronic bk.)
|
| 035 |
|
|
|a (MiAaPQ)EBC6683012
|
| 035 |
|
|
|a (Au-PeEL)EBL6683012
|
| 035 |
|
|
|a (OCoLC)1295270682
|
| 040 |
|
|
|a MiAaPQ
|b eng
|e rda
|e pn
|c MiAaPQ
|d MiAaPQ
|
| 050 |
|
4 |
|a RT86.7
|b .R863 2021
|
| 082 |
0 |
|
|a 362.173068
|2 23
|
| 100 |
1 |
|
|a Rundio, Al,
|d 1952-
|e author.
|
| 245 |
1 |
4 |
|a The nurse manager's guide to budgeting and finance /
|c Al Rundio.
|
| 250 |
|
|
|a Third edition.
|
| 264 |
|
1 |
|a Indianapolis, Indiana :
|b Sigma Theta Tau International,
|c [2021]
|
| 264 |
|
4 |
|c Ã2021
|
| 300 |
|
|
|a 1 online resource (266 pages) :
|b illustrations
|
| 336 |
|
|
|a text
|b txt
|2 rdacontent
|
| 337 |
|
|
|a computer
|b c
|2 rdamedia
|
| 338 |
|
|
|a online resource
|b cr
|2 rdacarrier
|
| 588 |
|
|
|a Description based on print version record.
|
| 590 |
|
|
|a Electronic reproduction. Ann Arbor, MI : ProQuest, 2018. Available via World Wide Web. Access may be limited to ProQuest affiliated libraries.
|
| 650 |
|
0 |
|a Nursing services
|x Business management.
|
| 650 |
|
0 |
|a Nursing services
|x Administration.
|
| 655 |
|
4 |
|a Electronic books.
|
| 776 |
0 |
8 |
|i Print version:
|a Rundio, Al, 1952-
|t Nurse manager's guide to budgeting and finance.
|b Third edition.
|d Indianapolis, Indiana : Sigma Theta Tau International, c2021
|h 266 pages
|z 9781646480159
|w (DLC) 2021939004
|
| 797 |
2 |
|
|a ProQuest (Firm)
|
| 856 |
4 |
0 |
|u https://ebookcentral.proquest.com/lib/matrademy/detail.action?docID=6683012
|z Click to View
|